=LDR 00000nam 2200000 4500 =001 INLIS000000000012789 =005 20130612104258 =008 ***********************************Ind** =035 ##$$0010-061300000012789 =041 ##$$a Ind =082 ##$$a 615.945 =090 ##$$a 615.945, Mak m =100 ##$$a Makballd jarir =245 ##$$a Mikatoksin pangan, Djarir Makballd =260 ##$$a 1993 $b Yogyakarta =300 ##$$a 211 hlm., Ilus, 21 cm =650 ##$$a Toksikalogi =650 ##$$a Mikotoksin pangan =850 ##$$a NBPNMAT